1872 1495 1702 1413 1296 1720 1375 1205 1687 1390 1698 1760 1850 1728 1536 1440 1522 1296 1678 1500 1136 1567 1017 1242 1360 1419 1510 1300 1437 1505 1307 1381 1880 1053 1385 1531 1774 1032 1870 1496 1906 1287 1093 1775 1615 1504 1223 1751 1562 1660 1357 1468 1289 1923 1775 1389 1334 1095 1264 1959 1150 1801 1348 1477 1356 1857 1328 1845 1825 1777 1186 1279 1842 1948 1245 1986 1369 1769 1338 1627 1382 1408 1808 1328 1019 1232 1269 1725 1886 1217 1578 1527 1990 1664 1541 1021 1775 1633 1681 BCNSPRNW ULIB Ver.6.0+V

เปลี่ยนเป็นภาษาไทย

Change to English
 แสดงรายละเอียดบรรณานุกรม
  กลับหน้าหลัก

Brief Record : Get Marc (ISO 2709) : E-mail record : QR code < ปิดหน้าต่าง
LEADER : 00000nam 2200000uu 4500
001    13399126377
003     ULIB
008    180911s2561||||th 000 0 tha d
020    ^a9786164300521
050 00 ^aHF5439.5^bด53ว
100 1  ^aDiaGo, Mentalist
245 10 ^aวิชาอ่านใจให้อีกฝ่ายปฏิเสธไม่ลง /^cMentallist Daigo, เขียน ; ธนัญ พลแสน, แปล
260    ^aกรุงเทพฯ :^bเอ็มไอเอส,^c2561
300    ^a255 หน้า :^bภาพประกอบ
650  4 ^aนักขาย
650  4 ^aการขาย
945    ^p150^l0^i004605
999    ^aวรรณษา ชูชัยมงคล
รายการนี้ยังไม่มีแท็ก
คุณยังไม่ได้ล็อกอิน คุณสามารถมีกิจกรรมร่วมกับเว็บไซต์ได้ แต่ต้องล็อกอินก่อน ::
  ล็อกอิน

รายการสื่อสารสนเทศ

ลำดับที่ ประเภท เลขเรียก/บาร์โค้ด สถานที่ สถานะ
1. การศึกษาทั่วไป
หนังสือสำรอง
สถานะ=หนังสือสำรอง
HF5439.5 ด53ว ฉ.1 
  Barcode: 004605
ห้องสมุดวิทยาเขตสวรรค์ประชารักษ์
►หนังสือทั่วไป
บนชั้น

รายการใกล้เคียง
    ผู้แต่ง [DiaGo, Mentalist]

    หัวเรื่อง [นักขาย]
    หัวเรื่อง [การขาย]

BibComment


ยังไม่เคยถูกคอมเมนท์

คอมเมนท์ทรัพยากรรายการนี้
  คอมเมนท์: วิชาอ่านใจให้อีก..


 Copyright 2026. Bcnsprnw @Library